| 000 | 01278nam a22003017a 4500 | ||
|---|---|---|---|
| 005 | 20150928144815.0 | ||
| 008 | 150928b2015 pe |||||r|||| 00| 0 spa d | ||
| 020 | _a9786124695254 | ||
| 040 |
_aCO-BoIAVH _cCO-BoIAVH |
||
| 041 | 0 | _aspa | |
| 044 | _ape | ||
| 082 | 0 | 4 |
_a333.75 _bU84c13 |
| 100 | 1 | _aRobles Morillo, Marco | |
| 245 | 1 |
_aUn acercamiento a los factores que inciden en la aplicación del incentivo del programa socio bosque en Ecuador / _cMarco Robles Morillo |
|
| 260 |
_aLima (Perú): _bUSAID: _bICAA, _c2015. |
||
| 300 |
_a59 páginas : _bgráficas y mapas ; _c25 cm. |
||
| 490 |
_aConservación estratégica. Serie técnica _v38 |
||
| 500 | _aPrograma de investigaciones económicas aplicadas para la conservación en la Amazonía Andina. | ||
| 504 | _aIncluye referencias bibliográficas (páginas 58-59). | ||
| 520 | _aIncluye resúmenes en inglés y español. | ||
| 610 | 4 | _aPrograma Socio Bosque | |
| 650 | 6 |
_aProgramas de manejo ambiental _xAnálisis económico |
|
| 650 | 6 |
_aProgramas de manejo ambiental _xAspectos económicos |
|
| 650 | 6 |
_aProgramas de manejo ambiental _xIncentivos |
|
| 650 | 6 |
_aProgramas de manejo ambiental _xAspectos sociales |
|
| 651 | 6 | _aEcuador | |
| 942 |
_2ddc _cLIBRO |
||
| 999 |
_c17822 _d17822 |
||